000 00474nam a2200169Ia 4500
003 GCL
008 140319s9999 xx 000 0 ara d
040 _aGCL /
_cGCL
082 0 4 _aط
_b507
_bط ا
100 1 _aطالب ناهى الخفاجى
245 1 0 _aابولوستغيث /
_cطالب ناهى الخفاجى
300 _a39 ص
490 _a100 قصة
_v0
650 0 4 _aالاقمار الصناعية
650 0 4 _aالفضاء الخارجى
942 _2ddc
_cBK
999 _c44962
_d44962